UBT Library

Business Communications (Record no. 57121)

000 -LEADER
fixed length control field 00311nam a22001457a 4500
008 - FIXED-LENGTH DATA ELEMENTS--GENERAL INFORMATION
fixed length control field 210507b ||||| |||| 00| 0 eng d
020 ## - INTERNATIONAL STANDARD BOOK NUMBER
International Standard Book Number 9780538436823
041 ## - LANGUAGE CODE
Language code of text/sound track or separate title eng
080 ## - UNIVERSAL DECIMAL CLASSIFICATION NUMBER
Universal Decimal Classification number 33
082 ## - DEWEY DECIMAL CLASSIFICATION NUMBER
Classification number 33
100 ## - Rafti
Rafti 53
101 ## - Shkurtesa
Shkurtesa BIZ
245 ## - TITLE STATEMENT
Title Business Communications
Statement of responsibility, etc Tom Means
942 ## - ADDED ENTRY ELEMENTS (KOHA)
Source of classification or shelving scheme
Item type Books
Holdings
Withdrawn status Lost status Source of classification or shelving scheme Damaged status Not for loan Collection code Permanent location Current location Shelving location Date acquired Total Checkouts Full call number Barcode Date last seen Price effective from Koha item type
          Koleksioni i përgjithshem UBT - Lipjan UBT - Lipjan Koleksioni i përgjithshem 05/07/2021   33 MEA 002-5000493 05/07/2021 05/07/2021 Books
          Koleksioni i përgjithshem UBT - Lipjan UBT - Lipjan Koleksioni i përgjithshem 05/07/2021   33 MEA 002-5000494 05/07/2021 05/07/2021 Books
          Koleksioni i përgjithshem UBT - Lipjan UBT - Lipjan Koleksioni i përgjithshem 05/07/2021   33 MEA 002-5000495 05/07/2021 05/07/2021 Books
          Koleksioni i përgjithshem UBT - Lipjan UBT - Lipjan Koleksioni i përgjithshem 05/12/2021   33 MEA 002-5000384 05/12/2021 05/12/2021 Books
          Koleksioni i përgjithshem UBT - Lipjan UBT - Lipjan Koleksioni i përgjithshem 05/12/2021   33 MEA 002-5000385 05/12/2021 05/12/2021 Books
          Koleksioni i përgjithshem UBT - Lipjan UBT - Lipjan Koleksioni i përgjithshem 05/12/2021   33 MEA 002-5000386 05/12/2021 05/12/2021 Books
          Koleksioni i përgjithshem UBT - Lipjan UBT - Lipjan Koleksioni i përgjithshem 05/14/2021   33 MEA 002-5000401 05/14/2021 05/14/2021 Books
          Koleksioni i përgjithshem UBT - Lipjan UBT - Lipjan Koleksioni i përgjithshem 05/14/2021   33 MEA 002-5000397 05/14/2021 05/14/2021 Books
          Koleksioni i përgjithshem UBT - Lipjan UBT - Lipjan Koleksioni i përgjithshem 05/14/2021   33 MEA 002-5000392 05/14/2021 05/14/2021 Books
UBT Library © 2015-2024. All rights reserved University Education for Business and Technology